Henderson & Jones Ltd v David Jason Ross (Record no. 121530)
[ view plain ]
| 000 -LEADER | |
|---|---|
| fixed length control field | 00831nas a22001697a 4500 |
| 007 - PHYSICAL DESCRIPTION FIXED FIELD--GENERAL INFORMATION | |
| fixed length control field | ta |
| 008 - FIXED-LENGTH DATA ELEMENTS--GENERAL INFORMATION | |
| fixed length control field | 230531e20230526xxk||||os||||o00| 0 eng d |
| 041 ## - LANGUAGE CODE | |
| Language code of text/sound track or separate title | eng |
| 245 ## - TITLE STATEMENT | |
| Title | Henderson & Jones Ltd v David Jason Ross |
| 260 ## - PUBLICATION INFORMATION | |
| Place of publication | [2023] EWHC 1276 (Ch) |
| Publisher | High Court Business and Property Court |
| Date | 26 May 2023 |
| 520 ## - ABSTRACT | |
| Abstract | The claim concerns a restructure of the Hospital Medical Group Limited and possible transactions undervalue to defraud investors. It cites RICS valuation guidance including Red Book, in particular the section on "The valuation of individual trade related properties” |
| 650 ## - KEYWORDS | |
| Keywords | VALUATION |
| 650 ## - KEYWORDS | |
| Keywords | MEDICAL CENTRES |
| 650 ## - KEYWORDS | |
| Keywords | HEALTHCARE CENTRES |
| 651 ## - SUBJECT ADDED ENTRY--GEOGRAPHIC NAME | |
| Geographic name | United Kingdom |
| 856 ## - ONLINE RESOURCE | |
| Uniform Resource Identifier | https://caselaw.nationalarchives.gov.uk/ewhc/ch/2023/1276 |
| Public note | Available on the National Archives case law database |
| Withdrawn status | Lost status | Source of classification or shelving scheme | Damaged status | Koha normalized classification for sorting | Not for loan | Home library | Current library | Shelving location | Date acquired | Total Checkouts | Full call number | Date last seen | Copy number | Price effective from | Koha item type |
|---|---|---|---|---|---|---|---|---|---|---|---|---|---|---|---|
| Dewey Decimal Classification | ONLINE_JUDGMENT | Virtual | Virtual | Online | 31/05/2023 | ONLINE JUDGMENT | 31/05/2023 | 1 | 31/05/2023 | Law report |